[Event "Europe Echecs Blitz Nov op"]
[Site "Europe Echecs INT"]
[Date "2020.11.08"]
[Round "8"]
[White "Cavailles, Evan"]
[Black "Meyssirel, Tom"]
[Result "1-0"]
[WhiteElo "2005"]
[BlackElo "1359"]
[PlyCount "53"]
[EventDate "2020.11.08"]
[EventType "swiss (blitz)"]
[EventRounds "11"]
[EventCountry "FRA"]
[SourceTitle "CBM 199 Extra"]
[Source "ChessBase"]
[SourceDate "2021.01.31"]
[SourceVersion "1"]
[SourceVersionDate "2021.01.31"]
[SourceQuality "1"]

1. e4 e5 2. Nf3 Nc6 3. Bb5 a6 4. Ba4 Nf6 5. 0-0 b5 6. Bb3 Bc5 7. c3 d6 8. d4 Bb6 9. h3 h6 10. a4 Bb7 11. Re1 0-0 12. Na3 bxa4 13. Bxa4 Qe7 14. Bc2 Rfe8 15. d5 Nb8 16. Nc4 Nbd7 17. Be3 Bxe3 18. Nxe3 Nc5 19. Nf5 Qd7 20. b4 Ncxe4 21. Bxe4 Nxe4 22. Nxh6+ gxh6 23. Rxe4 Bxd5 24. Qxd5 Kh7 25. Rh4 c6 26. Qd2 Qe6 27. Ng5+ 1-0

[Event "Europe Echecs Blitz Nov op"]
[Site "Europe Echecs INT"]
[Date "2020.11.08"]
[Round "9"]
[White "Meyssirel, Tom"]
[Black "Ludwiczak, Virginie"]
[Result "0-1"]
[WhiteElo "1359"]
[BlackElo "1882"]
[PlyCount "46"]
[EventDate "2020.11.08"]
[EventType "swiss (blitz)"]
[EventRounds "11"]
[EventCountry "FRA"]
[SourceTitle "CBM 199 Extra"]
[Source "ChessBase"]
[SourceDate "2021.01.31"]
[SourceVersion "1"]
[SourceVersionDate "2021.01.31"]
[SourceQuality "1"]

1. c4 e6 2. Nc3 Nf6 3. g3 d5 4. cxd5 exd5 5. d4 Bd6 6. Bg5 c6 7. Bg2 Bf5 8. Nf3 Nbd7 9. 0-0 0-0 10. Rc1 Re8 11. Re1 Qa5 12. a3 Qb6 13. b4 Ne4 14. Na4 Qa6 15. Qb3 h6 16. Bd2 Nxd2 17. Nxd2 Rxe2 18. Rxe2 Qxe2 19. Nf3 Re8 20. Re1 Qxe1+ 21. Nxe1 Rxe1+ 22. Bf1 Bh3 23. f4 Rxf1# 0-1

[Event "Europe Echecs Blitz Nov op"]
[Site "Europe Echecs INT"]
[Date "2020.11.08"]
[Round "6"]
[White "Rychener, Henri"]
[Black "Meyssirel, Tom"]
[Result "0-1"]
[WhiteElo "2077"]
[BlackElo "1359"]
[PlyCount "64"]
[EventDate "2020.11.08"]
[EventType "swiss (blitz)"]
[EventRounds "11"]
[EventCountry "FRA"]
[SourceTitle "CBM 199 Extra"]
[Source "ChessBase"]
[SourceDate "2021.01.31"]
[SourceVersion "1"]
[SourceVersionDate "2021.01.31"]
[SourceQuality "1"]

1. e4 e5 2. Nf3 Nc6 3. Bc4 Bc5 4. c3 Nf6 5. d4 exd4 6. e5 d5 7. Bb5 Ne4 8. cxd4 Bb4+ 9. Bd2 Bxd2+ 10. Nbxd2 Nxd2 11. Qxd2 a6 12. Ba4 0-0 13. h3 b5 14. Bc2 Ne7 15. 0-0 Bf5 16. Rac1 Rc8 17. Bxf5 Nxf5 18. Rc6 Qd7 19. Rfc1 Ne7 20. Rxa6 c5 21. dxc5 Nc6 22. b4 d4 23. Rd1 Rcd8 24. Rb6 f6 25. e6 Qxe6 26. Nxd4 Rxd4 27. Qxd4 Nxd4 28. Rxd4 Qe1+ 29. Kh2 Qe5+ 30. g3 Qxd4 31. Rxb5 Qxf2+ 32. Kh1 Rd8 0-1

[Event "FRA-ch Blitz Online Qual"]
[Site "Europe Echecs INT"]
[Date "2020.05.16"]
[Round "5"]
[White "Farthouat, Titoine"]
[Black "Meyssirel, Tom"]
[Result "1-0"]
[WhiteElo "1652"]
[BlackElo "1333"]
[PlyCount "73"]
[EventDate "2020.05.16"]
[EventType "swiss (blitz)"]
[EventRounds "15"]
[EventCountry "FRA"]
[SourceTitle "CBM 196 Extra"]
[Source "ChessBase"]
[SourceDate "2020.07.31"]
[SourceVersion "1"]
[SourceVersionDate "2020.07.31"]
[SourceQuality "1"]

1. e4 e5 2. Nf3 Nc6 3. d4 exd4 4. Nxd4 Bc5 5. Nxc6 Qf6 6. Qe2 Qxc6 7. Nc3 Ne7 8. Be3 Bb4 9. Bd2 0-0 10. a3 Bc5 11. Be3 Bxe3 12. Qxe3 d6 13. Bb5 Qb6 14. Qd3 a6 15. Ba4 Ng6 16. Bb3 Ne5 17. Qe2 Bg4 18. f3 Bd7 19. Nd5 Qd4 20. c3 Qd3 21. Qxd3 Nxd3+ 22. Kd2 Nc5 23. Bc2 Rac8 24. Ne7+ Kh8 25. Nxc8 Rxc8 26. b4 Ne6 27. Bb3 c5 28. Rac1 c4 29. Ba2 b5 30. Ke3 Bc6 31. Rhd1 Rd8 32. Rd2 d5 33. Rcd1 d4+ 34. cxd4 Kg8 35. d5 Bxd5 36. Rxd5 Ng5 37. Rxd8# 1-0

[Event "FRA-ch Blitz Online Qual"]
[Site "Europe Echecs INT"]
[Date "2020.05.16"]
[Round "4"]
[White "Meyssirel, Tom"]
[Black "Muller, Lorelei"]
[Result "1-0"]
[WhiteElo "1333"]
[BlackElo "1541"]
[PlyCount "139"]
[EventDate "2020.05.16"]
[EventType "swiss (blitz)"]
[EventRounds "15"]
[EventCountry "FRA"]
[SourceTitle "CBM 196 Extra"]
[Source "ChessBase"]
[SourceDate "2020.07.31"]
[SourceVersion "1"]
[SourceVersionDate "2020.07.31"]
[SourceQuality "1"]

1. c4 Nf6 2. Nc3 g6 3. g3 Bg7 4. Bg2 d6 5. d4 0-0 6. Nf3 c5 7. 0-0 Nc6 8. d5 Na5 9. Nd2 b6 10. Rb1 Nb7 11. b3 Nh5 12. Bb2 Qd7 13. Nce4 e5 14. e3 f5 15. Ng5 Qe7 16. Nh3 Nd8 17. e4 Nf6 18. Re1 Nf7 19. a3 Nh6 20. Ng5 Nf7 21. Nxf7 Rxf7 22. b4 fxe4 23. Nxe4 Bf5 24. Nxf6+ Qxf6 25. Rc1 Bh6 26. Ra1 Qe7 27. bxc5 bxc5 28. Qe2 Qb7 29. a4 Bg7 30. Bc3 Qb3 31. Bd2 Qb7 32. Bg5 Qd7 33. Qd2 Rb8 34. Bh6 Bh8 35. Bg5 e4 36. Be3 Bxa1 37. Rxa1 Re7 38. Re1 Qxa4 39. Bg5 Ree8 40. h3 Qxc4 41. g4 Bd7 42. Kh1 Qa6 43. Bh6 Qc8 44. Qf4 Rf8 45. Qg5 Rf7 46. Rxe4 Rb1+ 47. Kh2 Rb2 48. Re7 Rbxf2 49. Rxf7 Rxf7 50. Qd2 Bb5 51. g5 Qd7 52. Qa2 Qe7 53. Qd2 Qe5+ 54. Kh1 a6 55. Kg1 Qf5 56. Kh2 Qf4+ 57. Qxf4 Rxf4 58. Kg3 Rd4 59. Bf3 a5 60. Bg4 a4 61. Be6+ Kh8 62. h4 Rd3+ 63. Kg4 Rd1 64. h5 Be2+ 65. Kf4 Bxh5 66. Bf8 a3 67. Be7 Rf1+ 68. Kg3 Rg1+ 69. Kf4 Rxg5 70. Bf6# 1-0

[Event "FRA-ch Blitz Online Qual"]
[Site "Europe Echecs INT"]
[Date "2020.05.16"]
[Round "11"]
[White "Viennois, Romain"]
[Black "Meyssirel, Tom"]
[Result "1-0"]
[WhiteElo "1981"]
[BlackElo "1333"]
[PlyCount "49"]
[EventDate "2020.05.16"]
[EventType "swiss (blitz)"]
[EventRounds "15"]
[EventCountry "FRA"]
[SourceTitle "CBM 196 Extra"]
[Source "ChessBase"]
[SourceDate "2020.07.31"]
[SourceVersion "1"]
[SourceVersionDate "2020.07.31"]
[SourceQuality "1"]

1. d4 Nf6 2. Bg5 e6 3. e4 h6 4. Bxf6 Qxf6 5. e5 Qd8 6. Nf3 Be7 7. c4 0-0 8. Nc3 d6 9. Be2 dxe5 10. Nxe5 b6 11. Bf3 c6 12. Nxc6 Nxc6 13. Bxc6 Rb8 14. 0-0 Qc7 15. d5 Bd6 16. h3 Bb7 17. Bxb7 Rxb7 18. Nb5 Qb8 19. dxe6 Bh2+ 20. Kh1 fxe6 21. g3 Bxg3 22. fxg3 Qxg3 23. Rxf8+ Kxf8 24. Qd6+ Kg8 25. Qxg3 1-0